Statystyki dla TOP 20 państw świata według liczby ludności

Kliknij tutaj aby rozwiązać quiz!

Ogólne statystyki

  • Ten quiz został rozwiązany 209 razy
  • Średni wynik to 15 z 20

Statystyki odpowiedzi

LUDNOŚĆPAŃSTWO% Poprawnych
1 401 585 247Chiny
99%
329 256 465Stany Zjednoczone
99%
142 122 776Rosja
98%
1 359 527 235Indie
95%
208 846 892Brazylia
93%
80 457 737Niemcy
90%
125 959 205Meksyk
83%
99 413 317Egipt
80%
126 168 156Japonia
80%
262 787 403Indonezja
77%
81 257 239Turcja
72%
203 452 505Nigeria
71%
207 862 518Pakistan
67%
83 024 745Iran
66%
85 281 024Demokratyczna Republika Konga
63%
159 453 001Bangladesz
59%
97 040 334Wietnam
54%
108 386 391Etiopia
51%
105 893 381Filipiny
50%
68 615 858Tajlandia
44%

Rozkład punktacji

Percentyl według liczby udzielonych odpowiedzi

Procent ludzi z każdym wynikiem

Twoja historia wyników

Nie rozwiązałeś tego quizu